Guess the soccer player #1 - Statistics

General Stats
  • This quiz has been taken 106 times
  • The average score is 2 of 5
Answer Stats
Question Answer % Correct
I have played with Angel Di Maria, Jamie Vardy and Michael Carrick. Who am I? Marcus Rashford
55%
I have played with Alexis Sanchez, Miranda and Javier Zanetti. Who am I? Samir Handanovic
48%
I have played with Lucas Moura, Hector Herrera and Gareth Bale. Who am I? Casemiro
33%
I have played with Benjamin Mendy, Paulo Dybala and Shkrodan Mustafi. Who am I? Nicolas Otamendi
28%
I have played with Shinji Okazaki, Nathaniel Clyne and Pepe. Who am I? Loris Karius
27%
No matching quizzes found
Score Distribution
Percent of People with Each Score
Percentile by Number Answered
Your Score History
You have not taken this quiz